000 00352nam a2200133 i 4500
001 bg
100 1 _aTESKI, Stanisław
245 0 _aMagazynowanie i transport w obrocie towarowym środkami produkcji /
_cStanisław Teski.
260 _aWarszawa,
_c1980.
040 _cBPK
041 _apol
942 _cKS
008 s pl f |000 0 pol
999 _c19351
_d19351
856 _uhttp://koha.tu.koszalin.pl/cgi-bin/koha/opac-detail.pl?biblionumber=19351
_yKatalog online BPK